Economic conditions in the Muslim world. (Record no. 67380)

MARC details
000 -LEADER
fixed length control field 00656cam a22002411 4500
001 - CONTROL NUMBER
control field sa 66000670
003 - CONTROL NUMBER IDENTIFIER
control field DLC
005 - DATE AND TIME OF LATEST TRANSACTION
control field 20260227112216.0
008 - FIXED-LENGTH DATA ELEMENTS--GENERAL INFORMATION
fixed length control field 850306s1965 pk b 000 0 eng
010 ## - LIBRARY OF CONGRESS CONTROL NUMBER
LC control number sa 66000670
025 ## - OVERSEAS ACQUISITION NUMBER
Overseas acquisition number PL480:P-E-850
035 ## - SYSTEM CONTROL NUMBER
System control number (OCoLC)11769245
040 ## - CATALOGING SOURCE
Original cataloging agency DLC
Transcribing agency CSdS
Modifying agency DLC
042 ## - AUTHENTICATION CODE
Authentication code premarc
050 00 - LIBRARY OF CONGRESS CALL NUMBER
Classification number HC499
Item number .B7
100 1# - MAIN ENTRY--PERSONAL NAME
Personal name Brelvi, Mahmud,
Dates associated with a name 1908-
245 10 - TITLE STATEMENT
Title Economic conditions in the Muslim world.
260 ## - PUBLICATION, DISTRIBUTION, ETC.
Place of publication, distribution, etc. [Karachi,
Date of publication, distribution, etc. 1965]
300 ## - PHYSICAL DESCRIPTION
Extent 70 p.
Dimensions 19 cm.
500 ## - GENERAL NOTE
General note Cover title.
504 ## - BIBLIOGRAPHY, ETC. NOTE
Bibliography, etc. note "Literary works of Mahmud Brelvi": p. 69-70.
651 #0 - SUBJECT ADDED ENTRY--GEOGRAPHIC NAME
Geographic name Islamic countries
General subdivision Economic conditions.

No items available.

Powered by Koha